00986nam a2200277 a 4500001000400000003001000004005001700014008004100031020001800072040002500090080001800115090002200133100003100155245008300186250001100269260002900280300002700309504002100336650006100357650005200418650004600470650004000516942001300556952012600569999001300695894BR-CuiBMT20231212144443.0231122s2013 dfba 000 0 por d a9788591577606 aBR-CuiBMTcBR-CuiBMT a336.14422007 dRa336.144bS211n10aSanches, Osvaldo Maldonado aNovo dicionário de orçamento e áreas afins /cOsvaldo Maldonado Sanches. a1. ed. aBrasília:bOMS,c2013. a430 p. :bil. ;c23 cm ainclui índice. aOrçamento públicoxDicionárioxLíngua portuguesa aPlanejamentoxDicionárioxLíngua portuguesa aAdministração públicaxDicionário aFinanças públicasxDicionário 2udccREF 00102udc4070aBIBTCEMTbBIBTCEMTd2023-11-22l0oR 336.144 S211npBIBTCEMT23110880r2023-11-22tEx. 1w2023-11-22yREF c894d894